Fr. Conceicao Rodrigues College of Engineering

Today matters:12 daily practices to guarantee tomorrow ''''s success (Record no. 31516)

MARC details
000 -LEADER
fixed length control field 00348nam a2200145Ia 4500
082 ## - DEWEY DECIMAL CLASSIFICATION NUMBER
Classification number 658.406
Item number MAX
100 ## - MAIN ENTRY--PERSONAL NAME
Personal name Maxwell/John C
245 ## - TITLE STATEMENT
Title Today matters:12 daily practices to guarantee tomorrow ''''s success
260 ## - PUBLICATION, DISTRIBUTION, ETC.
Name of publisher, distributor, etc. Warner Books
Date of publication, distribution, etc. 2004
300 ## - PHYSICAL DESCRIPTION
Extent 312
546 ## - LANGUAGE NOTE
Language note ENGLISH
650 ## - SUBJECT ADDED ENTRY--TOPICAL TERM
Topical term or geographic name entry element General
654 ## - SUBJECT ADDED ENTRY--FACETED TOPICAL TERMS
Focus term tomorrow
942 ## - ADDED ENTRY ELEMENTS (KOHA)
Koha item type BOOK
Holdings
Withdrawn status Lost status Damaged status Not for loan Collection Home library Current library Date acquired Source of acquisition Cost, normal purchase price Inventory number Total Checkouts Full call number Barcode Date last seen Cost, replacement price Price effective from Koha item type
        CRC Fr. Agnel's C.Rodrigues College of Engineering Fr. Agnel's C.Rodrigues College of Engineering 17/03/2023 Strand Book stall 337.00 18416 dt 16/09/2004   658.406 MAX 15208 17/03/2023 337.00 16/09/2004 BOOK